000 01409nam a2200409 i 4500
001 1064
003 KOSZ 005
005 20250805063836.0
008 990421s1984 pl a f |001 0 pol
015 _aPB 1984/7693
035 _a(OCoLC)830202717
040 _aWA N
_cWA N
_dKOSZ 005/EC
041 1 _apol
_hrus
046 _k1979
080 _a53
245 0 0 _aKurs fizyki.
_nT. 1,
_pMechanika ; Podstawy fizyki cząsteczkowej i termodynamiki /
_cB. Jaworski [et al. ; z ros. tł. Maria Krügerowa, Stanisław Ignatowicz].
246 1 _iTyt. oryg.:
_aKurs fiziki.
250 _aWyd. 8.
260 _aWarszawa :
_bPańst. Wydaw. Naukowe,
_c1984
_e(Białyst :
_fBZG).
300 _a446 s. :
_brys., wykr. ;
_c20 cm.
380 _aKsiążki.
388 _a1901-2000
388 _a1945-1989
504 _aIndeksy.
650 4 _aElektryczność
650 4 _aFizyka
650 4 _aMechanika
650 4 _aElektromagnetyzm
650 4 _aTermodynamika
650 4 _aCząsteczka
700 1 _aKrügerowa, Maria
_eTłumaczenie
700 1 _aIgnatowicz, Stanisław Andrzej
_d(1933-1993)
_eTłumaczenie
700 1 _aÂvorskij, Boris Mihajlovič
_eAutor
710 2 _aPaństwowe Wydawnictwo Naukowe
_4pbl.
856 _uhttp://koha.tu.koszalin.pl/cgi-bin/koha/opac-detail.pl?biblionumber=1064
_yKatalog online BPK
942 _2UKD
_cKS
999 _c1064
_d1064